Les 2 villes les plus peuplées par région française en L - Statistiques

Statistiques générales
  • Ce quiz a été pris 93 fois
    92 depuis la dernière actualisation
  • Le résultat moyen est 12 sur 26
Statistiques - réponses
Régions Départements Population Villes % Correct
Auvergne Rhône Alpes Rhône 521 000 Lyon
97%
Hauts de France Nord 239 000 Lille
95%
Bretagne Morbihan 58 000 Lorient
92%
Nouvelle Aquitaine Haute Vienne 130 000 Limoges
87%
Pays de la Loire Sarthe 145 000 Le Mans
86%
Vendée 55 000 La Roche sur Yon
85%
Normandie Seine Maritime 166 000 Le Havre
85%
Charente Maritime 80 000 La Rochelle
79%
Pas de Calais 33 000 Lens
68%
Jura 17 000 Lons le Saunier
56%
Haute Loire 19 000 Le Puy en Velay
49%
Provence Alpes Côte d’Azur Var 63 000 La Seyne sur Mer
46%
Île de France Hauts de Seine 68 000 Levallois Perret
44%
Morbihan 23 000 Lanester
31%
Bourgogne Franche Comté Saône et Loire 22 000 Le Creusot
29%
Grand Est Meurthe et Moselle 18 000 Lunéville
29%
Seine Saint Denis 60 000 Le Blanc Mesnil
27%
Seine Maritime 26 000 Le Grand Quevilly
26%
Occitanie Hérault 26 000 Lunel
26%
Alpes Maritimes 40 000 Le Cannet
19%
Meurthe et Moselle 15 000 Longwy
18%
Hérault 18 000 Lattes
10%
Haute Corse 3 000 L'Île Rousse
6%
Corse Haute Corse 6 000 Lucciana
5%
Centre Val de Loire Loiret 10 000 La Chapelle Saint Mesmin
4%
Indre et Loire 10 000 La Riche
4%
Aucun quiz correspondant
Distribution des résultats
% des personnes avec chaque résultat
Percentile par nombre de réponses
Votre historique - résultats
Vous n’avez pas pris ce quiz depuis la dernière actualisation